| 000 | 00412 a2200157 4500 | ||
|---|---|---|---|
| 003 | OSt | ||
| 005 | 20180116182718.0 | ||
| 008 | 160817b xxu||||| |||| 00| 0 eng d | ||
| 040 | _c0 | ||
| 100 | _aSubhash C Jain | ||
| 245 |
_aInteranational marketing managment. _cSubhash C Jain |
||
| 250 | _a2nd | ||
| 260 |
_aDelhi _bCBS Publishers & Distributors. _c1989 |
||
| 300 | _a737 | ||
| 942 |
_aNBS _cBK _k658.8 JAI _2ddc |
||
| 999 |
_c344619 _d344619 |
||